Logistika
Salvato in:
| Autore principale: | |
|---|---|
| Natura: | Libro |
| Lingua: | slovacco |
| Pubblicazione: |
Žilina
Vysoká škola dopravy a spojov
1992
|
| Edizione: | 1. vyd. |
| Soggetti: | |
| Tags: |
Nessun Tag, puoi essere il primo ad aggiungerne!!
|
MARC
| LEADER | 00000nam a2200000 4500 | ||
|---|---|---|---|
| 001 | c002751 | ||
| 005 | 20221214085853.8 | ||
| 020 | |a 80-7100-069-8 | ||
| 041 | 0 | |a slo | |
| 044 | |a SK | ||
| 245 | 1 | 0 | |a Logistika |c Ján Mikolaj |
| 250 | |a 1. vyd. | ||
| 264 | 1 | |a Žilina |b Vysoká škola dopravy a spojov |c 1992 | |
| 300 | |a 75 s. | ||
| 610 | 2 | 0 | |a logistika |
| 610 | 2 | 0 | |a doprava |
| 610 | 2 | 0 | |a hospodárstvo skladové |
| 610 | 2 | 0 | |a zásoby |
| 610 | 2 | 0 | |a zásobovanie |
| 610 | 2 | 0 | |a balenie |
| 610 | 2 | 0 | |a manipulácia s materiálom |
| 610 | 2 | 0 | |a systémy informačné |
| 100 | 1 | |a Mikolaj, Ján | |